000 00204 a2200097 4500
001 15624
100 _aHuqqi, Bros
245 _aMap of Karachi
260 _akarachi
_bHaqqi Bros
_c
090 _c12193
_d12193
942 _aNUST-CAE
_cM
_c2440
999 _c250697
_d250697